[Event "85th ch-GER 2014"]
[Site "Verden an der Aller GER"]
[Date "2014.11.22"]
[Round "2.2"]
[White "Kunin, Vitaly"]
[Black "Gutman, Lev"]
[Result "1-0"]
[WhiteTitle "GM"]
[BlackTitle "GM"]
[WhiteElo "2585"]
[BlackElo "2408"]
[WhiteFideId "4128737"]
[BlackFideId "4600177"]
[EventDate "2014.11.21"]

1. d4 Nf6 2. c4 g6 3. Nc3 d5 4. Nf3 Bg7 5. Qb3 dxc4 6. Qxc4 O-O 7. e4 Na6 8. Be2
c5 9. d5 Bg4 10. O-O Ne8 11. Qb3 Bxf3 12. Bxf3 Nd6 13. Bf4 Qa5 14. e5 Nf5 15.
Be4 Qb4 16. Rfd1 Rad8 17. Qxb4 cxb4 18. Nb5 Nc5 19. Bxf5 gxf5 20. Nxa7 Nd7 21.
Bg5 f6 22. d6 e6 23. exf6 Bxf6 24. Bxf6 Nxf6 25. Nb5 Rd7 26. Rac1 Kf7 27. Rd4
Ra8 28. Rxb4 Rxa2 29. h3 Ra6 30. Rc7 e5 31. Rh4 Kg6 32. Rhc4 Rb6 33. R4c5 e4 34.
g4 fxg4 35. hxg4 Rd8 36. Re7 Nxg4 37. Rxe4 Nf6 38. Re6 Kf7 39. Re7+ Kg6 40. f4
h6 41. Kg2 Nd7 42. Rd5 Nf6 43. Rde5 Nd7 44. R5e6+ Nf6 45. f5+ Kxf5 46. Nd4+ Kg6
47. Re3 Rxb2+ 48. Kh3 Rh2+ 49. Kg3 Rxd6 50. Ne6 Rxe6 51. R3xe6 Rb2 52. Rd6 Rb3+
53. Kf4 Rb4+ 54. Kf3 Rb3+ 55. Ke2 Rb2+ 56. Kd3 Rb1 57. Kc2 Rb5 58. Ree6 Rf5 59.
Rb6 Kg5 60. Rxb7 Ng4 61. Rg7+ Kf4 62. Ra6 h5 63. Kd2 Kg3 64. Ke2 Rf4 65. Ra3+
Kg2 66. Rh7 Rf5 67. Ra8 Nf6 68. Rh6 Ng4 69. Rh7 Nf6 70. Rhh8 Re5+ 71. Kd3 Kg3
72. Ra1 Kg2 73. Rf8 Ng4 74. Kd4 Rb5 75. Ke4 Nf2+ 76. Kf4 Nh3+ 77. Ke3 Re5+ 78.
Kd4 Rg5 79. Ra2+ Kg3 80. Ke4 Rg4+ 81. Ke3 Nf4 82. Ra3 Ng2+ 83. Ke2+ Kh2 84. Rff3
Nf4+ 85. Kf2 h4 86. Rfb3 Rg2+ 87. Kf3 Ne2 88. Re3 Ng1+ 89. Kf4 Ne2+ 90. Ke4 Ng3+
91. Kf3 Nf5 92. Red3 Nd4+ 93. Ke4 Rg4+ 94. Ke5 Nb5 95. Rab3 Na7 96. Rb7 Nc6+ 97.
Kf5 Rg3 98. Rd2+ Kh3 99. Rbb2 Rf3+ 100. Ke4 Rg3 101. Rb6 Ne7 102. Re6 1-0

[Event "85th ch-GER 2014"]
[Site "Verden an der Aller GER"]
[Date "2014.11.22"]
[Round "2.3"]
[White "Plischki, Sebastian"]
[Black "Khenkin, Igor"]
[Result "1-0"]
[WhiteTitle "IM"]
[BlackTitle "GM"]
[WhiteElo "2396"]
[BlackElo "2575"]
[WhiteFideId "4637143"]
[BlackFideId "4659600"]
[EventDate "2014.11.21"]

1. d4 d5 2. c4 e6 3. Nf3 c6 4. e3 Nf6 5. Nc3 Nbd7 6. Qc2 Bd6 7. b3 O-O 8. Be2 b6
9. O-O Bb7 10. Bb2 c5 11. cxd5 exd5 12. Rfd1 Rc8 13. Rac1 Qe7 14. Bf1 a6 15.
dxc5 bxc5 16. Nh4 g6 17. g3 d4 18. exd4 cxd4 19. Rxd4 Bc5 20. Rf4 Nh5 21. Rc4
Nb6 22. Nd5 Nxd5 23. Rxc5 Ng7 24. Bg2 Ne6 25. Rxc8 Rxc8 26. Qxc8+ Bxc8 27. Rxc8+
Nf8 28. Bxd5 Qe2 29. Ba3 Qd1+ 30. Kg2 Qxd5+ 31. Nf3 Qb7 32. Rxf8+ Kg7 33. h4 Qd5
34. Rc8 Qa5 35. Bb2+ f6 36. Rc6 Kf7 37. Bxf6 Ke8 38. Ne5 Qd5+ 39. Kh2 1-0

[Event "85th ch-GER 2014"]
[Site "Verden an der Aller GER"]
[Date "2014.11.22"]
[Round "2.4"]
[White "Kalinitschew, Sergey"]
[Black "Bluebaum, Matthias"]
[Result "0-1"]
[WhiteTitle "GM"]
[BlackTitle "IM"]
[WhiteElo "2392"]
[BlackElo "2537"]
[WhiteFideId "4637321"]
[BlackFideId "24651516"]
[EventDate "2014.11.21"]

1. e4 e6 2. d4 d5 3. Nd2 c5 4. exd5 Qxd5 5. Ngf3 cxd4 6. Bc4 Qd8 7. O-O a6 8. a4
Nf6 9. Nb3 Qc7 10. Qe2 Nc6 11. Rd1 h6 12. Nbxd4 Nxd4 13. Rxd4 Bd6 14. b3 Bd7 15.
Rxd6 Qxd6 16. Ba3 Qc7 17. Ne5 b5 18. Nxd7 Nxd7 19. axb5 Qe5 20. Qf1 Nb6 21. Bd3
axb5 22. Bxb5+ Kd8 23. Bc6 Rc8 24. Rd1+ Kc7 25. Bd6+ Qxd6 26. Rxd6 Kxd6 27. Be4
Rhd8 28. g3 Ke7 29. Qa6 Nd7 30. b4 f5 31. Bc6 Ne5 32. Qb7+ Kf6 33. Ba4 Rb8 34.
Qc7 Rd1+ 35. Kg2 Rxb4 36. Bb3 Rbd4 37. Qc8 Rd6 38. Qe8 R1d2 39. h3 Nf7 40. h4
Re2 41. h5 Rdd2 42. Kg1 Rd8 43. Qc6 Rd1+ 44. Kg2 Rdd2 45. Kg1 Ng5 46. Qe8 Nh3+
47. Kf1 Rxf2+ 48. Ke1 Rfe2+ 49. Kf1 Ng5 50. Qg6+ Ke5 51. Qxg7+ Ke4 52. Qb7+ Ke3
53. Qa7+ Kf3 54. c3 Rf2+ 0-1

[Event "85th ch-GER 2014"]
[Site "Verden an der Aller GER"]
[Date "2014.11.22"]
[Round "2.5"]
[White "Svane, Rasmus"]
[Black "Bodrozic, Tomislav"]
[Result "0-1"]
[WhiteTitle "IM"]
[WhiteElo "2509"]
[BlackElo "2322"]
[WhiteFideId "4657101"]
[BlackFideId "24630993"]
[EventDate "2014.11.21"]

1. d4 Nf6 2. c4 g6 3. Nc3 Bg7 4. e4 d6 5. Nf3 O-O 6. Be2 Na6 7. O-O e5 8. Be3
Ng4 9. Bg5 Qe8 10. Re1 exd4 11. Nd5 d3 12. Bxd3 f6 13. Bf4 Ne5 14. Be2 Qf7 15.
Qc2 c6 16. Ne3 Nc5 17. Rad1 Ne6 18. Bxe5 dxe5 19. c5 Qe7 20. Rd6 Nd8 21. b4 Nf7
22. Bc4 Kh8 23. Bxf7 Qxf7 24. Qc4 Qxc4 25. Nxc4 Re8 26. Na5 Rb8 27. a4 Be6 28.
Red1 Bf8 29. R6d3 Rec8 30. Rc3 b6 31. cxb6 Rxb6 32. b5 cxb5 33. Rxc8 Bxc8 34.
Rd8 Rd6 35. Rxd6 Bxd6 36. axb5 Bd7 37. b6 axb6 38. Nc4 Bc5 39. Nfd2 Bb5 40. Kf1
Bb4 41. Kg1 Kg7 42. f3 Ba6 43. Kf2 b5 0-1

[Event "85th ch-GER 2014"]
[Site "Verden an der Aller GER"]
[Date "2014.11.22"]
[Round "2.6"]
[White "Skibbe, Willi"]
[Black "Wagner, Dennis"]
[Result "0-1"]
[WhiteTitle "FM"]
[BlackTitle "IM"]
[WhiteElo "2274"]
[BlackElo "2484"]
[WhiteFideId "4682190"]
[BlackFideId "24650684"]
[EventDate "2014.11.21"]

1. c4 e6 2. g3 d5 3. Nf3 d4 4. Bg2 c5 5. e3 Nc6 6. exd4 cxd4 7. d3 Nf6 8. O-O
Bd6 9. Bg5 h6 10. Bxf6 Qxf6 11. Nbd2 Qe7 12. Nb3 e5 13. Re1 Be6 14. Nfd2 O-O 15.
Ne4 Bb4 16. Rf1 f5 17. a3 fxe4 18. axb4 exd3 19. Qxd3 Nxb4 20. Qe2 Bf5 21. Rfc1
d3 22. Qd2 Nc2 23. Ra5 e4 24. Qf4 Bg6 25. Qg4 Qf6 26. Rf1 e3 0-1

[Event "85th ch-GER 2014"]
[Site "Verden an der Aller GER"]
[Date "2014.11.22"]
[Round "2.7"]
[White "Graf, Felix"]
[Black "Zehnter, Sebastian"]
[Result "0-1"]
[WhiteTitle "IM"]
[WhiteElo "2476"]
[BlackElo "2237"]
[WhiteFideId "24608904"]
[BlackFideId "24608670"]
[EventDate "2014.11.21"]

1. d4 d5 2. c4 Nc6 3. Nc3 dxc4 4. Nf3 Nf6 5. Bg5 Nd5 6. e4 Nxc3 7. bxc3 Na5 8.
Bxc4 Nxc4 9. Qa4+ c6 10. Qxc4 Be6 11. Qb4 Qb6 12. Qa4 Qb5 13. Qxb5 cxb5 14. Kd2
f6 15. d5 Bd7 16. Be3 e5 17. dxe6 Bxe6 18. Rhb1 Bc4 19. a4 bxa4 20. Rxb7 O-O-O+ 0-1

[Event "85th ch-GER 2014"]
[Site "Verden an der Aller GER"]
[Date "2014.11.22"]
[Round "2.8"]
[White "Stern, Rene"]
[Black "Kabisch, Thilo"]
[Result "0-1"]
[WhiteTitle "GM"]
[WhiteElo "2546"]
[BlackElo "2204"]
[WhiteFideId "4611799"]
[BlackFideId "4603745"]
[EventDate "2014.11.21"]

1. d4 Nf6 2. c4 g6 3. Nc3 Bg7 4. e4 d6 5. Nf3 O-O 6. Be2 e5 7. O-O Nc6 8. d5 Ne7
9. Ne1 Ne8 10. f3 f5 11. g4 Kh8 12. Nd3 f4 13. Bd2 Bf6 14. Be1 h5 15. h3 Ng8 16.
Kg2 Rf7 17. c5 Rh7 18. Bf2 Bh4 19. Qe1 Bxf2 20. Qxf2 g5 21. Rh1 Ne7 22. Rag1 Ng6
23. Kf1 Bd7 24. Ke1 Nf6 25. Kd2 Qe7 26. Kc2 Nh4 27. Kb1 Rh6 28. Bd1 Qh7 29. Qe1
Kg7 30. a3 a6 31. Ka1 Rh8 32. cxd6 cxd6 33. Nf2 Qg8 34. Nb1 Qb8 35. Qb4 b5 36.
gxh5 Rxh5 37. Qd2 Qb6 38. Nc3 Ng6 39. Rg2 Qe3 40. Qe2 Nh4 41. Rgg1 Qc5 42. Nd3
Qd4 43. Nb4 Qb6 44. Nc6 Ng6 45. a4 b4 46. a5 Qb7 47. Na2 Bxc6 48. dxc6 Qxc6 49.
Bb3 Rxh3 50. Rxh3 Rxh3 51. Rc1 Qb7 52. Be6 Rh8 53. Qg2 b3 54. Nc3 Rh5 55. Kb1
Qb4 56. Qe2 Qxa5 57. Bxb3 Qb6 58. Qc4 Qb7 59. Rd1 Rh8 60. Rxd6 Rb8 61. Ka2 Nh4
62. Rd3 a5 63. Na4 Qe7 64. Nc5 Kg6 65. Na6 Rf8 66. Qc6 g4 67. fxg4 Kg5 68. Nc5
Kxg4 69. Nd7 Nxd7 70. Rxd7 Qf6 71. Rd6 Qg5 72. Qd7+ Kg3 73. Qa7 f3 74. Qg1+ Ng2
75. Rd3 Qf4 76. Rd7 Qg4 77. Rd3 Qxe4 78. Rc3 a4 79. Be6 Qg6 80. Bd5 e4 81. Qc5
Rf4 82. Qc7 Qf5 83. Qd6 e3 84. Be6 Qf6 85. Rc8 Kf2 86. Qb6 Re4 87. Rc2+ Kg3 88.
Qb8+ Nf4 89. Bd5 Re5 90. Rc6 Qg5 91. Rc8 e2 92. Bxf3 e1=Q 93. Bc6 Qc1 94. Bxa4
Rc5 95. Rg8 Qc4+ 96. Bb3 Ra5+ 0-1

[Event "85th ch-GER 2014"]
[Site "Verden an der Aller GER"]
[Date "2014.11.22"]
[Round "2.9"]
[White "Hoeffer, David"]
[Black "Buhmann, Rainer"]
[Result "0-1"]
[BlackTitle "GM"]
[WhiteElo "2276"]
[BlackElo "2601"]
[WhiteFideId "24606766"]
[BlackFideId "4651340"]
[EventDate "2014.11.21"]

1. d4 d5 2. c4 e6 3. Nf3 Nf6 4. g3 dxc4 5. Bg2 c6 6. O-O b5 7. Ne5 Bb7 8. a4 a6
9. b3 cxb3 10. Qxb3 Be7 11. Rd1 O-O 12. Nc3 Nd5 13. Ne4 Nd7 14. Nxd7 Qxd7 15.
Nc5 Bxc5 16. dxc5 f5 17. Bf4 a5 18. Rac1 Ba6 19. Rd2 Qf7 20. Be5 bxa4 21. Qxa4
Bb5 22. Qa1 a4 23. Rcd1 Ra7 24. Bf3 a3 25. Rd4 Rfa8 26. g4 Ra4 27. gxf5 Qxf5 28.
Kh1 Rxd4 29. Qxd4 Ra4 30. Qa1 Bxe2 31. Bg2 Bxd1 0-1

[Event "85th ch-GER 2014"]
[Site "Verden an der Aller GER"]
[Date "2014.11.22"]
[Round "2.10"]
[White "Buchal, Stephan"]
[Black "Bischoff, Klaus"]
[Result "1/2-1/2"]
[WhiteTitle "FM"]
[BlackTitle "GM"]
[WhiteElo "2255"]
[BlackElo "2502"]
[WhiteFideId "4603915"]
[BlackFideId "4600045"]
[EventDate "2014.11.21"]

1. c4 b6 2. Nc3 e6 3. e4 Bb7 4. Nge2 Nf6 5. d3 c5 6. g3 d6 7. Bg2 a6 8. O-O Qc7
9. f4 Be7 10. f5 e5 11. Nd5 Bxd5 12. exd5 b5 13. Nc3 b4 14. Ne4 Nxe4 15. Bxe4
Nd7 16. Be3 a5 17. a4 O-O-O 18. b3 Rdf8 19. Ra2 Qd8 20. Qc1 Kb8 21. Rg2 Nf6 22.
Qd1 Nd7 23. Qc1 Nf6 24. Qd1 Nd7 25. Qc1 1/2-1/2

[Event "85th ch-GER 2014"]
[Site "Verden an der Aller GER"]
[Date "2014.11.22"]
[Round "2.12"]
[White "Thiel, Thomas"]
[Black "Hundack, Rolf"]
[Result "1/2-1/2"]
[WhiteTitle "FM"]
[WhiteElo "2323"]
[BlackElo "2223"]
[WhiteFideId "4615964"]
[BlackFideId "4653092"]
[EventDate "2014.11.21"]

1. e4 e5 2. Nf3 Nc6 3. Nc3 Nf6 4. d4 exd4 5. Nxd4 d6 6. g3 Bg4 7. Nxc6 bxc6 8.
Qd3 Nd7 9. Qa6 Bf3 10. Rg1 Be7 11. g4 Bf6 12. Rg3 Bxc3+ 13. bxc3 Bxe4 14. Re3
O-O 15. Qe2 Bg6 16. Bg2 Ne5 17. Ba3 f5 18. Rxe5 dxe5 19. Bxf8 Qxf8 20. Qc4+ Kh8
21. Qxc6 Re8 22. Qxc7 fxg4 23. Qxa7 Bxc2 24. Qe3 e4 25. Kf1 Qa3 26. Qd2 Qb2 27.
Re1 Qxa2 28. Kg1 Qa4 29. Bf1 Bb3 30. Rb1 h6 31. c4 e3 32. fxe3 Bc2 33. Rc1 Be4
34. c5 Qa8 35. Bg2 Bxg2 36. Qxg2 Qa3 37. Qd2 g3 38. c6 gxh2+ 39. Kh1 Qe7 40. Qd4
Qf7 41. Qg4 Qd5+ 42. e4 Rxe4 43. Qg2 Qe5 44. c7 Re1+ 45. Rxe1 Qxe1+ 46. Kxh2
Qh4+ 47. Qh3 Qf2+ 48. Qg2 Qh4+ 49. Qh3 Qf2+ 50. Qg2 Qh4+ 1/2-1/2

[Event "85th ch-GER 2014"]
[Site "Verden an der Aller GER"]
[Date "2014.11.22"]
[Round "2.13"]
[White "Meins, Gerlef"]
[Black "Kollars, Dmitrij"]
[Result "1-0"]
[WhiteTitle "IM"]
[WhiteElo "2443"]
[BlackElo "2283"]
[WhiteFideId "4620895"]
[BlackFideId "12909572"]
[EventDate "2014.11.21"]

1. Nf3 Nf6 2. c4 g6 3. Nc3 Bg7 4. e4 d6 5. d4 O-O 6. Be2 e5 7. O-O exd4 8. Nxd4
Re8 9. f3 c6 10. Be3 d5 11. cxd5 Nxd5 12. Nxd5 cxd5 13. Qb3 Nc6 14. Rad1 Nxd4
15. Bxd4 Bxd4+ 16. Rxd4 Qf6 17. Rd2 dxe4 18. fxe4 Qe7 19. Bc4 Be6 20. Bxe6 fxe6
21. Qb5 Red8 22. Rfd1 Rxd2 23. Rxd2 Rd8 24. Rxd8+ Qxd8 25. Qxb7 Qd4+ 26. Kf1
Qc4+ 27. Kf2 Qxa2 28. Kf3 Qa5 29. Qc8+ Kf7 30. Qd7+ Kf6 31. Qxh7 Qb5 32. Qh8+
Kf7 33. Qh7+ Kf6 34. Qh8+ Kf7 35. Qd4 Qh5+ 36. Kg3 Qg5+ 37. Kf3 Qh5+ 38. Kf2
Qh4+ 39. Kf1 Kg8 40. h3 Qf4+ 41. Ke2 Qg3 42. Kf1 Qf4+ 43. Kg1 a5 44. Qc4 Kg7 45.
b3 Kf6 46. Qc3+ Qe5 47. Qf3+ Kg5 48. Qg4+ Kf6 49. h4 g5 50. Qxg5+ Qxg5 51. hxg5+
Kxg5 52. g3 Kg4 53. Kg2 e5 54. Kf2 Kh5 55. Kg1 Kg5 56. Kh2 Kg4 57. Kg2 Kh5 58.
Kh3 Kg5 59. g4 Kf4 60. Kh4 1-0

[Event "85th ch-GER 2014"]
[Site "Verden an der Aller GER"]
[Date "2014.11.22"]
[Round "2.14"]
[White "Jugelt, Tobias"]
[Black "Schmid, Roland GER"]
[Result "1-0"]
[WhiteTitle "IM"]
[WhiteElo "2404"]
[BlackElo "2249"]
[WhiteFideId "4626150"]
[BlackFideId "24647810"]
[EventDate "2014.11.21"]

1. d4 d5 2. c4 c6 3. Nf3 Nf6 4. Nbd2 Bf5 5. g3 e6 6. Bg2 h6 7. O-O Nbd7 8. b3
Be7 9. Bb2 O-O 10. e3 a5 11. a4 b6 12. Qe2 Rc8 13. Ne5 c5 14. Rac1 Rc7 15. f4
Ne4 16. Nxe4 Bxe4 17. Bxe4 dxe4 18. Rcd1 cxd4 19. exd4 Qa8 20. Kg2 Rd8 21. Kh3
Nf8 22. Rfe1 Bb4 23. Rg1 f6 24. Ng4 Rcd7 25. Ne3 Qc8 26. f5 exf5 27. Nxf5 g6 28.
Nxh6+ Kg7 29. Ng4 Ne6 30. d5 Ng5+ 31. Kg2 Rf7 32. Rgf1 Rd6 33. h4 Nf3 34. Qxe4
Nd2 35. Rxd2 Bxd2 36. Nxf6 Kf8 37. Qxg6 Ke7 38. Ng8+ 1-0

[Event "85th ch-GER 2014"]
[Site "Verden an der Aller GER"]
[Date "2014.11.22"]
[Round "2.15"]
[White "Poetsch, Hagen"]
[Black "Keymer, Vincent"]
[Result "1-0"]
[WhiteTitle "IM"]
[WhiteElo "2498"]
[BlackElo "2116"]
[WhiteFideId "24615137"]
[BlackFideId "12940690"]
[EventDate "2014.11.21"]

1. e4 c5 2. Nf3 e6 3. d4 cxd4 4. Nxd4 a6 5. Bd3 Qc7 6. O-O Nf6 7. Qe2 d6 8. a4
Be7 9. a5 O-O 10. Nd2 Nc6 11. Nxc6 bxc6 12. Nc4 Nd7 13. Bf4 c5 14. c3 Bb7 15.
Rfd1 Qc6 16. Bc2 e5 17. Bg3 Nf6 18. Bh4 Rad8 19. Ne3 Qd7 20. Nf5 Qc7 21. Bd3 Ra8
22. Bc4 Rfd8 23. Qf3 Kf8 24. Qg3 g6 25. Nxe7 Qxe7 26. Bg5 Kg7 27. Qh4 h5 28. Rd3
d5 29. Rf3 Rd6 30. exd5 Bc8 31. Re1 Bg4 32. Rxf6 Rxf6 33. f4 e4 34. Bxf6+ Qxf6
35. Qxf6+ Kxf6 36. Rxe4 Rb8 37. b3 Kf5 38. Re7 Kxf4 39. Kf2 Kf5 40. Rxf7+ Ke5
41. Ra7 Bc8 42. Rc7 Bb7 43. Re7+ Kf5 44. Re6 Rf8 45. Ke3 Kg5 46. Bxa6 1-0

[Event "85th ch-GER 2014"]
[Site "Verden an der Aller GER"]
[Date "2014.11.22"]
[Round "2.16"]
[White "Breutigam, Martin"]
[Black "Harff, Marcel"]
[Result "1/2-1/2"]
[WhiteTitle "IM"]
[BlackTitle "FM"]
[WhiteElo "2409"]
[BlackElo "2273"]
[WhiteFideId "4601840"]
[BlackFideId "24621382"]
[EventDate "2014.11.21"]

1. Nf3 d5 2. c4 c6 3. g3 g6 4. Bg2 Bg7 5. O-O e5 6. d3 dxc4 7. dxc4 Qxd1 8. Rxd1
Ne7 9. Nc3 O-O 10. Rb1 Bf5 11. e4 Be6 12. b3 f6 13. Ba3 Kf7 14. h3 Na6 15. Bf1
Rfd8 16. b4 Nc7 17. b5 Rxd1 18. Rxd1 Bf8 19. Kg2 cxb5 20. cxb5 a6 21. b6 Ne8 22.
Na4 Nc8 23. Bxf8 Kxf8 24. Rd2 Ned6 25. Bd3 Ke7 26. Rc2 Ne8 27. g4 g5 28. Nc5
Nxb6 29. Rb2 Nd7 30. Nxe6 Kxe6 31. Rxb7 Nd6 32. Rc7 a5 33. Bc4+ Nxc4 34. Rxc4
Kd6 35. Nd2 Nc5 36. Nf1 Rb8 37. Ne3 Rb2 38. a4 Rb4 39. Nf5+ Kc6 40. Ne7+ Kd6 1/2-1/2

[Event "85th ch-GER 2014"]
[Site "Verden an der Aller GER"]
[Date "2014.11.22"]
[Round "2.17"]
[White "Grigorian, Spartak"]
[Black "Bastian, Herbert"]
[Result "0-1"]
[BlackTitle "IM"]
[WhiteElo "2244"]
[BlackElo "2317"]
[WhiteFideId "24661490"]
[BlackFideId "4601700"]
[EventDate "2014.11.21"]

1. d4 Nf6 2. c4 d6 3. Nc3 g6 4. e4 Bg7 5. Be2 c6 6. Nf3 O-O 7. O-O Nbd7 8. Qc2
e5 9. d5 c5 10. Bg5 h6 11. Bd2 Nh5 12. g3 Ndf6 13. Nh4 Bh3 14. Ng2 Kh8 15. Kh1
Rg8 16. Rg1 Ng4 17. Nd1 Ngf6 18. f3 Nh7 19. Nf2 Bd7 20. Qc1 Qf8 21. f4 N5f6 22.
Ne1 Re8 23. Bf3 h5 24. Ned3 Ng4 25. Bxg4 hxg4 26. fxe5 dxe5 27. b4 b6 28. bxc5
bxc5 29. Qa3 f5 30. Raf1 fxe4 31. Nxc5 Bf5 32. Nfxe4 Bxe4+ 33. Nxe4 Qxa3 34. c5
Rgf8 0-1

[Event "85th ch-GER 2014"]
[Site "Verden an der Aller GER"]
[Date "2014.11.22"]
[Round "2.18"]
[White "Schulz, Michael1"]
[Black "Asendorf, Joachim"]
[Result "1-0"]
[WhiteTitle "FM"]
[BlackTitle "FM"]
[WhiteElo "2233"]
[BlackElo "2298"]
[WhiteFideId "4616731"]
[BlackFideId "4639260"]
[EventDate "2014.11.21"]

1. d4 d5 2. Bf4 c5 3. e3 Nc6 4. Nc3 cxd4 5. exd4 Bf5 6. g4 Bg6 7. h4 h6 8. h5
Bh7 9. Bd3 Bxd3 10. Qxd3 e6 11. O-O-O Bd6 12. Bxd6 Qxd6 13. Nge2 O-O-O 14. f4
Nf6 15. Qf3 Nd7 16. Nb5 Qb4 17. Qb3 Qxb3 18. axb3 Nf6 19. Rhg1 a6 20. Nbc3 b5
21. Kd2 Kb7 22. Ke3 Nb4 23. Rd2 Rc8 24. Nc1 Rc7 25. N1a2 Nxa2 26. Nxa2 Ne4 27.
Rh2 f6 28. c3 a5 29. Nc1 Ra8 30. Nd3 a4 31. bxa4 bxa4 32. Ra1 a3 33. Rc2 Ra4 34.
Rxa3 Rxa3 35. bxa3 Rc4 36. Nb2 Rxc3+ 37. Rxc3 Nxc3 38. Nd3 Kc6 39. Nc5 Kd6 40.
Nb7+ Kc7 41. Nc5 Kd6 42. a4 e5 43. Nb7+ Kc7 44. dxe5 fxe5 45. fxe5 Nxa4 46. Nd6
Kc6 47. Nf5 Kc5 48. e6 d4+ 49. Nxd4 Kd6 50. Kf4 Nb6 51. Kf5 Nd5 52. Kg6 Ke5 53.
Nf5 Nf4+ 54. Kxg7 Nxe6+ 55. Kg6 Kf4 56. Nxh6 Nf8+ 57. Kf7 Nh7 58. Kg7 Ng5 59.
Nf7 Kxg4 60. h6 Ne6+ 61. Kg8 Nf4 62. h7 Ng6 63. Ne5+ 1-0

[Event "85th ch-GER 2014"]
[Site "Verden an der Aller GER"]
[Date "2014.11.22"]
[Round "2.19"]
[White "Mueller, Reinhold"]
[Black "Krallmann, Matthias"]
[Result "0-1"]
[WhiteTitle "FM"]
[BlackTitle "FM"]
[WhiteElo "2289"]
[BlackElo "2221"]
[WhiteFideId "24605875"]
[BlackFideId "4613848"]
[EventDate "2014.11.21"]

1. d4 d5 2. c4 c6 3. Nf3 Nf6 4. e3 Bf5 5. cxd5 cxd5 6. Qb3 Qc7 7. Nc3 e6 8. Bd2
Nc6 9. Rc1 Be7 10. Bb5 O-O 11. Ne5 Na5 12. Qa4 Qd8 13. Ne2 Nc4 14. Bxc4 dxc4 15.
Qxc4 b5 16. Qxb5 Rb8 17. Qa4 Rxb2 18. Qxa7 Be4 19. f3 Bd5 20. Nc3 Bb4 21. a3 Ba5
22. Nd3 Rb3 23. Nxd5 Bxd2+ 24. Kxd2 Nxd5 25. Rb1 Qg5 26. Rxb3 Qxg2+ 27. Nf2
Qxf2+ 28. Kd3 Rc8 29. Qc5 Qxe3+ 30. Kc2 Rxc5+ 31. dxc5 Qxc5+ 32. Kb1 g6 33. Rc1
Qf2 34. Rc2 Qg1+ 35. Ka2 Ne3 36. Re2 Nc4 37. Rc2 Qd1 38. Rb8+ Kg7 39. Rxc4 Qe2+
40. Kb3 Qd3+ 0-1

[Event "85th ch-GER 2014"]
[Site "Verden an der Aller GER"]
[Date "2014.11.22"]
[Round "2.20"]
[White "Steffens, Olaf"]
[Black "Kuersten, Ruediger"]
[Result "0-1"]
[WhiteTitle "FM"]
[WhiteElo "2279"]
[BlackElo "2179"]
[WhiteFideId "4630564"]
[BlackFideId "24605816"]
[EventDate "2014.11.21"]

1. b4 c6 2. e3 d5 3. c4 Nf6 4. Bb2 Bg4 5. Nf3 e6 6. b5 Be7 7. a4 Nbd7 8. Nc3 e5
9. h3 Bxf3 10. Qxf3 e4 11. Qf5 Bd6 12. f4 exf3 13. gxf3 g6 14. Qg5 Ne5 15. Be2
h6 16. Qg2 Nxc4 17. Bxc4 dxc4 18. f4 O-O 19. h4 Nh5 20. Ne4 Kh7 21. f5 Be7 22.
O-O-O Qd3 23. Rdg1 Rg8 24. Qf3 Ba3 25. Bxa3 Qxa3+ 26. Kd1 Qd3 27. Rg4 Rg7 28.
Rg5 Re8 29. Rxh5 Rxe4 30. fxg6+ fxg6 31. Rc5 Ree7 32. h5 Ref7 33. Qh3 Rf2 34.
hxg6+ Rxg6 0-1

[Event "85th ch-GER 2014"]
[Site "Verden an der Aller GER"]
[Date "2014.11.22"]
[Round "2.21"]
[White "Reimche, Vadim"]
[Black "Krause, Ullrich"]
[Result "0-1"]
[BlackTitle "FM"]
[WhiteElo "2084"]
[BlackElo "2276"]
[WhiteFideId "4642422"]
[BlackFideId "4613058"]
[EventDate "2014.11.21"]

1. d4 e6 2. Nf3 Nf6 3. b3 d5 4. e3 c5 5. Bb2 Be7 6. Nbd2 O-O 7. Bd3 Nbd7 8. O-O
b6 9. Qe2 Bb7 10. Ne5 Nxe5 11. dxe5 Nd7 12. f4 f5 13. c4 d4 14. e4 g6 15. g4 Kh8
16. h3 Qc7 17. exf5 gxf5 18. Kh2 Rg8 19. Rg1 Raf8 20. gxf5 exf5 21. Raf1 Qc6 22.
b4 Qh6 23. Rxg8+ Rxg8 24. Bxf5 Rg2+ 25. Qxg2 Bxg2 26. Kxg2 Nxe5 27. bxc5 bxc5
28. Bc1 Ng6 29. Kh2 Bd6 30. Ne4 Bxf4+ 31. Bxf4 Nxf4 32. Nxc5 Qg5 33. Be4 Qe5 34.
Kh1 Qxc5 35. Rxf4 Qe5 36. Rh4 h5 37. Kg2 Qg5+ 0-1

[Event "85th ch-GER 2014"]
[Site "Verden an der Aller GER"]
[Date "2014.11.22"]
[Round "2.22"]
[White "Boidman, Yuri"]
[Black "Mueller, Oliver"]
[Result "1/2-1/2"]
[WhiteTitle "IM"]
[BlackTitle "FM"]
[WhiteElo "2393"]
[BlackElo "2258"]
[WhiteFideId "4643992"]
[BlackFideId "4633385"]
[EventDate "2014.11.21"]

1. e4 c5 2. Nf3 d6 3. d4 cxd4 4. Qxd4 Nc6 5. Bb5 Bd7 6. Bxc6 Bxc6 7. Nc3 Nf6 8.
Bg5 e6 9. O-O-O Be7 10. Qd3 Qa5 11. Kb1 O-O 12. Bd2 Qc7 13. Nd4 a6 14. f4 b5 15.
Nxc6 Qxc6 16. e5 dxe5 17. fxe5 Rfd8 18. Qg3 Ne4 19. Nxe4 Qxe4 20. Bh6 Bf8 21.
Rde1 Qg6 22. Qxg6 hxg6 23. Bf4 Rd5 24. Rd1 Rad8 25. Kc1 Bc5 26. Rxd5 Rxd5 27.
Rd1 Kf8 28. c3 Ke7 29. Kc2 Kd7 30. Rd3 Kc6 31. b3 g5 32. Bg3 f5 33. c4 bxc4 34.
bxc4 Rd4 35. Rxd4 Bxd4 36. Kd3 Kc5 37. h3 f4 38. Be1 Bxe5 39. Bf2+ Kc6 40. Ke4
Bf6 41. Bg1 Kd6 1/2-1/2

[Event "85th ch-GER 2014"]
[Site "Verden an der Aller GER"]
[Date "2014.11.23"]
[Round "3.1"]
[White "Bodrozic, Tomislav"]
[Black "Fridman, Daniel"]
[Result "0-1"]
[BlackTitle "GM"]
[WhiteElo "2322"]
[BlackElo "2639"]
[WhiteFideId "24630993"]
[BlackFideId "11600454"]
[EventDate "2014.11.21"]

1. e4 c5 2. Nf3 e6 3. g3 Nc6 4. Bg2 Nf6 5. Qe2 d5 6. exd5 Nxd5 7. Nc3 Ndb4 8. d3
Nd4 9. Nxd4 cxd4 10. Ne4 Be7 11. a3 Nd5 12. O-O O-O 13. c4 dxc3 14. bxc3 Bd7 15.
c4 Nb6 16. Be3 Bc6 17. Rfd1 Rc8 18. Nc3 Qd7 19. Bxc6 bxc6 20. a4 Qc7 21. Bf4 Qd8
22. Rab1 a5 23. Qc2 Bb4 24. Ne4 c5 25. Nd6 Rc6 26. Nb5 Qe7 27. Be5 Rd8 28. Qb3
Rd7 29. Rbc1 f6 30. Bc3 e5 31. Bxb4 axb4 32. a5 Nc8 33. Ra1 Ra6 34. Re1 Qd8 35.
d4 exd4 36. Qf3 g6 37. Re4 Kf7 38. Qf4 d3 39. Qh6 Qf8 40. Qxh7+ Qg7 41. Qh3 f5
42. Ree1 d2 43. Red1 b3 44. g4 b2 45. Rab1 Rxa5 46. gxf5 Ra1 47. f6 Kxf6 48. Nc3
Rxb1 49. Rxb1 Nb6 50. Kg2 Qe7 51. Rxb2 Nxc4 52. Qh4+ Kg7 53. Qxc4 Qg5+ 54. Kf1
Re7 55. Rb1 Qf5 56. Ne4 Rxe4 57. Qc3+ Rd4 58. Rb7+ Kh8 59. Rb8+ Kh7 0-1